A Don Antonio Machado al cumplirse los veinte años de su muerte / (Record no. 134)

MARC details
000 -CABECERA
campo de control de longitud fija 00654nam a2200193 a 4500
005 - FECHA Y HORA DE LA ÚLTIMA TRANSACCIÓN
campo de control 20240803063721.0
008 - ELEMENTOS DE LONGITUD FIJA--INFORMACIÓN GENERAL
campo de control de longitud fija 991125s1961 mx 000 0 spa u
035 ## - NÚMERO DE CONTROL DEL SISTEMA
Número de control de sistema UPN01000000134
049 ## - COLECCIÓN
Colección CG
050 #4 - SIGNATURA TOPOGRÁFICA DE LA BIBLIOTECA DEL CONGRESO
Número de clasificación PQ6293 A3
Número de documento/Ítem D66
245 00 - MENCIÓN DE TÍTULO
Título A Don Antonio Machado al cumplirse los veinte años de su muerte /
Mención de responsabilidad, etc. Francisco Giner de los Ríos ... [et al.].
260 ## - PUBLICACIÓN, DISTRIBUCIÓN, ETC.
Lugar de publicación, distribución, etc. México :
Nombre del editor, distribuidor, etc. [s.n.],
Fecha de publicación, distribución, etc. 1961.
300 ## - DESCRIPCIÓN FÍSICA
Extensión 265 p.
500 ## - NOTA GENERAL
Nota general "Fondo histórico médico Doctor Germán Somolinos"
600 14 - ASIENTO SECUNDARIO DE MATERIA - NOMBRE PERSONAL
Nombre de persona MACHADO, ANTONIO,
Fechas asociadas al nombre 1875-1939
650 #4 - ASIENTO SECUNDARIO DE MATERIA - TERMINO TEMATICO
Término de materia o nombre geográfico como elemento de entrada Poesía española
9 (RLIN) 1237
700 1# - ASIENTO SECUNDARIO--NOMBRE DE PERSONAL
Nombre de persona Giner de los Ríos, Francisco,
Fechas asociadas al nombre 1839-1915
Término indicativo de función/relación coaut.
9 (RLIN) 28515
905 ## - TIPO DE MATERIAL
Tipo de material Libro
Holdings
Estado de retiro Estado de pérdida Fuente del sistema de clasificación o colocación Estado dañado No para préstamo Código de colección Localización permanente Ubicación/localización actual Ubicación en estantería Enumeración/cronología de publicación seriada Total de préstamos Clasificación Código de barras Fecha visto por última vez Número de copia Tipo de ítem Koha
    Library of Congress Classification   En proceso Colección General Bib. Gregorio Torres Quintero Bib. Gregorio Torres Quintero Planta baja correg. clas.   PQ6293 A3 D66 135959 31/12/2020 1 Libro